00572nam a22001817a 4500003000900000001000800009007000300017008003600020100002500056942000700081040003300088245013700121300001000258955000600268773007300274650002400347999001900371UA-OsUOA 13950 ta20030707b un ||||| |||| 00| 0 ukr d aБасараба В. cSA aUA-OsUOAcUA-OsUOAdUA-OsUOA aНобель на озері Нобель: [З історії та сьогодення с.Нобель Зарічнен. р-ну] aС.11 a00 w0tВільне словоdРівнеd2003g№47-48/20 черв./ 7aІсторія2UDC c300111d300111